Statistiken für Die 25 größten Städte in Deutschland nach Flaggen

Klicken Sie hier um das Quiz zu spielen!

Allgemein

  • Dieses Quiz wurde 178 mal gespielt
  • Das Durchschnittsergebnis liegt bei 11 aus 25

Antwortstatistiken

Antwort% Korrekt
Berlin
100%
Hamburg
98%
Köln
77%
München
73%
Frankfurt
66%
Stuttgart
63%
Bremen
56%
Dortmund
52%
Düsseldorf
52%
Dresden
49%
Essen
45%
Augsburg
44%
Hannover
44%
Leipzig
44%
Nürnberg
40%
Duisburg
31%
Bochum
28%
Bonn
28%
Bielefeld
23%
Karlsruhe
22%
Mannheim
22%
Münster
22%
Wuppertal
22%
Wiesbaden
15%
Gelsenkirchen
14%

Verteilung der Resultate

Perzentil nach korrekt beantworteten Fragen

Anzahl Personen mit jedem Resultat

Ihre Resultats-Entwicklung

Sie haben dieses Quiz noch nicht gespielt